| 000 | 00851nam a2200241Ia 4500 | ||
|---|---|---|---|
| 003 | GCL | ||
| 008 | 140319s9999 xx 000 0 ara d | ||
| 020 | _a3061399977 | ||
| 040 |
_aGCL / _cGCL |
||
| 082 | 0 | 4 |
_aق _b814.80358 _bع م |
| 100 | 1 | _aعمرو عبدالسميع | |
| 245 | 1 | 0 |
_aمعارك مصرية / _cعمرو عبدالسميع |
| 250 | _aالاولى | ||
| 260 |
_aالقاهرة : _bأطلس للنشر والانتاج الاعلامى ، _c2006 |
||
| 300 |
_a415 ص ؛ _c24 سم |
||
| 650 | 0 | 4 | _aالمقالات الصحفية |
| 650 | 0 | 4 | _aالمقالات - مجموعات |
| 650 | 0 | 4 | _aمصر - الاحوال السياسية |
| 650 | 0 | 4 | _aمصر - الاحوال الاجتماعية |
| 650 | 0 | 4 | _aالمقالات العربية - مصر |
| 650 | 0 | 4 | _aمصر - تاريخ - العصر الحديث |
| 942 |
_2ddc _cBK |
||
| 999 |
_c9381 _d9381 |
||